| 000 | 00921cam a2200229 4500 | ||
|---|---|---|---|
| 001 | WB3612-13 | ||
| 008 | 000000n2000 000 0 eng u | ||
| 035 | _a(Sirsi) u104978 | ||
| 245 | _aClimate change levy | ||
| 260 | _c2000 | ||
| 490 |
_aInland Revenue Press Release _v (REV/CE 4) 21 March 2000; |
||
| 490 |
_aHM Customs and Excise News Release _v(4) 21 March 2000 (3) |
||
| 520 | _aMore changes to the climate change levy, which comes into effect in April 2001, are announced. Outlines the new measures designed to increase the levy's environmental effectiveness, and at the same time, protect the competitiveness of UK firms. The press release can be found at: http://www.hm-treasury.gov.uk | ||
| 590 | _aWB | ||
| 650 | _aCLIMATE CHANGE LEVY | ||
| 650 | _aCARBON DIOXIDE EMISSIONS | ||
| 650 | _aENERGY EFFICIENCY | ||
| 650 | _aBUSINESSES | ||
| 650 | _aTAX | ||
| 690 |
_aEnvironment _96238 |
||
| 942 | _n0 | ||
| 999 |
_c62970 _d62970 |
||